000 00659nam a2200265Ia 4500
005 20260121165758.0
008 008 260114s9999 xx 000 0 eng d
020 _a9789811042232
037 _aEBOOK
040 _aCRL
040 _beng
040 _cCRL
041 _2eng
041 _aeng
084 _qCRL
100 _aSiew Fun Tang, Swi Ee Cheah
_91055922
245 0 _aRedesigning Learning for Greater Social Impact
260 _bSpringer
260 _bSpringer
260 _c2018
856 _uhttps://link.springer.com/openurl?genre=book&isbn=978-981-10-4223-2
942 _cEBOOK
999 _c1621650
_d1621650